000 00697nam a22002411c 4500
001 a987685365
008 060801s1997 gw a||| 000u eng d
020 _a0801432588
_90-8014-3258-8
041 _aeng
100 1 _aRosenthal, Bernice Glatzer
245 0 4 _aThe occult in Russian and Soviet culture /
_cedited by Bernice Glatzer Rosenthal
264 _aIthaca, N.Y :
_bCornell University Press,
_c1997
300 _avii, 468 p. : ill. ; 24 cm
650 0 _aOkkultismus
650 0 _a
651 0 _aRussland
651 0 _aSowjetunion
655 0 _aAufsatzsammlung
700 1 _aRosenthal, Bernice Glatzer
_eMitarbeiterIn
942 _cMG
040 _cRU-10907106
003 RU-10907106
999 _c37035
_d37035